000 00913cab a2200241 4500
001 ABS57159
008 090401t1997 xxu||||| |||| 00| 0 eng d
035 _a(Sirsi) u98491
041 _aeng
100 _aHillson, S.
245 _aTermination of business tenancies by the tenant
260 _c1997
350 _a0
490 _aRent Review & Lease Renewal
_v17(2) June 1997, 95-105(11)
520 _aConsiders termination of business tenancies by the tenant before expiry of a lease. A situation where under the Landlord and Tenant Act 1954 and common law it raises complex questions. Examines eight situations at different stages in the life of a tenancy.
650 _aBUSINESS TENANCIES
650 _aCOMMON LAW
650 _aESSELTE AB V PEARL ASSURNACE PLC
650 _aLANDLORD AND TENANT ACT 1954
690 _aLANDLORD AND TENANT-BUSINESS TENANCIES
942 _n0
948 _c16/06/1997
999 _c59875
_d59875